000 00611nam a2200181 a 4500
001 000041675
005 20201002035711.0
008 131015s1995 sp 000 0 spa d
020 _a840007534X
040 _aDO-SdBNP
_bspa
_cBNPHU
082 _axxx
_bM489f
100 1 _aMediano, Fernando R.
_968475
245 1 0 _aFamilias de Fez :
_b(SS. XV-XVII) /
_cFernando R. Mediano.
260 _aMadrid :
_bConsejo Superior de Investigaciones Científicas,
_c1995.
300 _a333 p. ;
_c24 cm.
500 _aIncluye referencias bibliográficas y notas al pie de las páginas.
504 _aBbibliografía : p. 299-333
999 _c41165
_d41165